Technology, adaptation, and exports how some developing countries got it right
Salvato in:
| Altri autori: | |
|---|---|
| Natura: | Libro |
| Lingua: | inglese |
| Pubblicazione: |
Washington, D.C.
<The> World Bank
2006
|
| Soggetti: | |
| Tags: |
Nessun Tag, puoi essere il primo ad aggiungerne!!
|
MARC
| LEADER | 00000nam$a2200000$$$4500 | ||
|---|---|---|---|
| 001 | 0045524 | ||
| 005 | 20240315115735.1 | ||
| 020 | |a 0-8213-6507-X | ||
| 041 | 0 | |a eng | |
| 044 | |a US | ||
| 245 | 1 | 0 | |a Technology, adaptation, and exports |b how some developing countries got it right |c Vandana Chandra, Editor |
| 264 | 1 | |a Washington, D.C. |b <The> World Bank |c 2006 | |
| 300 | |a 381 s. | ||
| 610 | 2 | 0 | |a krajiny rozvojové |
| 610 | 2 | 0 | |a produkcia |
| 610 | 2 | 0 | |a technológie nové |
| 610 | 2 | 0 | |a adaptácia |
| 610 | 2 | 0 | |a vývoz |
| 610 | 2 | 0 | |a rast hospodársky |
| 610 | 2 | 0 | |a redukcia chudoby |
| 610 | 2 | 0 | |a rozvoj technický |
| 610 | 2 | 0 | |a elektronika |
| 610 | 2 | 0 | |a oleje rastlinné |
| 610 | 2 | 0 | |a farmy |
| 610 | 2 | 0 | |a víno |
| 610 | 2 | 0 | |a ovocie |
| 610 | 2 | 0 | |a kukurica |
| 610 | 2 | 0 | |a rybolov |
| 610 | 2 | 0 | |a priemysel |
| 610 | 2 | 0 | |a India |
| 610 | 2 | 0 | |a Taiwan |
| 610 | 2 | 0 | |a Malajzia |
| 610 | 2 | 0 | |a Čile |
| 610 | 2 | 0 | |a Keňa |
| 700 | 1 | |a Chandra, Vandana | |